logo

Bir Sreshtho Munshi Abdur Rouf Library
Jhenaidah Cadet College

Technical writing : (Record no. 9648)

MARC details
000 -LEADER
fixed length control field 00769pam a2200265 a 4500
001 - CONTROL NUMBER
JCCL Control Number 9648
003 - CONTROL NUMBER IDENTIFIER
JCCL marc code BD-JhCC
005 - DATE AND TIME OF LATEST TRANSACTION
control field 20220614134022.0
008 - FIXED-LENGTH DATA ELEMENTS--GENERAL INFORMATION
fixed length control field 881013s1989 nyua 001 0 eng
020 ## - INTERNATIONAL STANDARD BOOK NUMBER
International Standard Book Number 0827326858
020 ## - INTERNATIONAL STANDARD BOOK NUMBER
Cancelled/invalid ISBN 0827326866 (Instructor's guide)
035 ## - SYSTEM CONTROL NUMBER
system control number (BD-JhCC)9648
040 ## - CATALOGING SOURCE
Original cataloging agency DLC
Transcribing agency DLC
Modifying agency DLC
-- BD-JhCC
041 ## - LANGUAGE CODE
Language code of Book eng
050 00 - LIBRARY OF CONGRESS CALL NUMBER
Classification number T11
Item number .P44 1989
082 00 - DEWEY DECIMAL CLASSIFICATION NUMBER
Classification number 808/.066
DDC Edition number 19
Author mark and Year PHI 1989
100 1# - MAIN ENTRY--PERSONAL NAME
Personal name Philbin, Alice.
245 10 - TITLE STATEMENT
Title Technical writing :
Remainder of title method, application, and management /
Statement of responsibility, etc Alice I. Philbin, John W. Presley.
260 ## - PUBLICATION, DISTRIBUTION, ETC. (IMPRINT)
Place of publication, distribution, etc Albany, N.Y. :
Name of publisher, distributor, etc Delmar,
Date of publication, distribution, etc c1989.
300 ## - PHYSICAL DESCRIPTION
Pagination ix, 547 p. :
Other physical details ill. ;
Dimensions 24 cm.
500 ## - GENERAL NOTE
General note Includes index.
650 #0 - SUBJECT ADDED ENTRY--TOPICAL TERM
Topical term or geographic name as entry element Technical writing.
700 1# - ADDED ENTRY--PERSONAL NAME
Personal name Presley, John W.
942 ## - ADDED ENTRY ELEMENTS (KOHA)
Source of classification or shelving scheme Dewey Decimal Classification
Koha item type Books
Koha issues (borrowed), all copies 1
Holdings
Source of classification or shelving scheme Damaged status Not for loan Home library Current library Shelving location Date of accession Total Checkouts Full call number Barcode Date last seen Date checked out Copy number Koha item type
Dewey Decimal Classification     JCC Rouf Library JCC Rouf Library General Stacks 03/21/2018 1 808/.066 PHI 1989 12085 06/20/2022 06/13/2022 C-1 Books

JCC Library | Contacts | JCC Home

Last Update on 23 September 2017
Copyright @ 2017-2020 JCC Rouf Library
Rouf Library, Jhenidah Cadet College (JCC), Bangladesh